000 00625nam a2200217Ia 4500
005 20240516100143.0
008 131103s9999 xx 000 0 und d
020 _a8125007512
_cRs.105
040 _aLoreto College
041 _aEnglish
082 _a420.7
_bNAG
100 _aNagaraj, Geetha
245 _aEnglish language teaching
_b approaches, methods, techniques
_cGeetha Nagaraj
260 _aHyderabad
_bOrient Longman
_c2001
300 _av,232 p.
_b ill
504 _aIncludes bibliographical references and index
650 _aEnglish method
651 _aEnglish language
850 _aLCBED
942 _cBK
999 _c27729
_d78208